ბათუმის შოთა რუსთაველის სახელმწიფო უნივერსიტეტის ბიბლიოთეკა

მეცხოველეობისა და მეფრინველეობის ფერმებში და კომპლექსებში საკვების დარიგების მექანიზაცია. (ბიბ.ჩანაწერი № 35403)

000 -LEADER
fixed length control field 00805nam a2200205Ia 4500
001 - CONTROL NUMBER
control field 1257
003 - CONTROL NUMBER IDENTIFIER
control field GE_BSU
008 - FIXED-LENGTH DATA ELEMENTS--GENERAL INFORMATION
fixed length control field 181216s||||||||xx |||||||||||||| ||und||
040 ## - CATALOGING SOURCE
Transcribing agency GE_BSU
080 ## - UNIVERSAL DECIMAL CLASSIFICATION NUMBER
Universal Decimal Classification number 636
100 ## - MAIN ENTRY--PERSONAL NAME
Personal name ქემოკლიძე გ.[და სხვა].
245 ## - TITLE STATEMENT
Title მეცხოველეობისა და მეფრინველეობის ფერმებში და კომპლექსებში საკვების დარიგების მექანიზაცია.
245 ## - TITLE STATEMENT
Remainder of title დამხმარე სახელმძღვანელო.
260 ## - PUBLICATION, DISTRIBUTION, ETC.
Place of publication, distribution, etc. თბილისი.
260 ## - PUBLICATION, DISTRIBUTION, ETC.
Date of publication, distribution, etc. 1991.
300 ## - PHYSICAL DESCRIPTION
Extent 101 გვ. 19 სმ.
653 ## - INDEX TERM--UNCONTROLLED
Uncontrolled term მეცხოველეობა.
942 ## - ADDED ENTRY ELEMENTS (KOHA)
Koha item type წიგნი
ეგზემპლარები
Withdrawn status Lost status Damaged status Not for loan Date acquired Barcode Date last seen Price effective from Koha item type
        2018-12-17 2845 2018-12-17 2018-12-17 წიგნი